000
00273nam a22001217a 4500
020
_a
9780136008836
041
_a
eng
080
_a
10
090
_b
FAL
100
_a
Falikowsky, Anthony F.
245
_a
Moral Philosophy: Theories, Skills and Applications.
999
_c
282046
_d
282046
942
_c
BK